| Registos Bibliográficos associados ao registo de autoridade |
|
Etiqueta de registo: 00230nam 2200025 450 001 1805778 003 http://id.bnportugal.gov.pt/bib/catbnp/1805778 010 ## $a978-989-97194-0-8$bv. 2) 010 ## $a978-989-97194-1-5$dv. 3) 021 ## $aPT$b308759/11 100 ## $a20120308g20039999m y0pory01030103ba 101 0# $apor 102 ## $aPT 105 ## $ay z 000gy 106 ## $ar 200 1# $aAquilégia$fAntónio João Bispo... [et al.]$grev., coord. Julião Bernardes 205 ## $a1ª ed 210 #9 $a[S.l.$cs.n.],$d[2003]- $e[Amadora] :$gArtes Gráficas do Centro de Audiovisuais do Exército) 225 2# $aPoetânea 327 0# $a2º v.: 2011. - 64 p. ;$a 3º v.: 2014. - 93 p. 675 ## $a821.134.3-1"20"$vBN$zpor$31023893 701 #1 $aBispo,$bAntónio João$4070$314467 702 #1 $aBernardes,$bJulião,$cpseud.$4340$347326 801 #0 $aPT$bBN$gRPC 856 41 $uhttp://rnod.bnportugal.gov.pt/ImagesBN/winlibimg.aspx?skey=&doc=1805778&img=7553&save=true 900 ## $aBIBNAC$d20120921 966 ## $b001$d2º v.$lBN$mFGMON$sC.G. 21700 V.$x1 966 ## $b001$d3º v.$lBN$mFGMON$sC.G. 21700 V.$x1 966 ## $b001$d2º v.$lBN$mFGMON$sC.G. 21700 V.-D$x1 966 ## $b001$d3º v.$lBN$mFGMON$sC.G. 21700 V.-D$x1
Etiqueta de registo: 00592cam 022002051 04500 001 99301 003 http://id.bnportugal.gov.pt/bib/catbnp/99301 005 19981119221000.0 095 ## $aPTBN00103303 100 ## $a19581201d1958 m y0pora0103 ba 101 0# $apor 102 ## $aPT 200 1# $aViagem à roda do Presépio$fAntónio Joäo Bispo$gil. Marcelo de Morais 210 #9 $aLisboa$cGomes & Rodrigues,$d1958 215 ## $a66, [1] p., [1] f.$cil.$d19 cm 675 ## $a24$vmed$zpor$3288012 700 #1 $aBispo,$bAntónio João$314467 702 #1 $aMorais,$bMarcelo de,$f1928-$4440$378044 801 #0 $aPT$bBN$gRPC 966 ## $lBN$mFGMON$sR. 31773//12 P. $x0 966 ## $lBN$mFGMON$sR. 32575 P. 997 ## $aBIBEOD 998 ## $aCR320 - 00219
Etiqueta de registo: 00533cam 22001931 450 001 294479 003 http://id.bnportugal.gov.pt/bib/catbnp/294479 005 19981228000000.0 095 ## $aPTBN00306416 100 ## $a19740601d1974 m a0pora0103 ba 101 0# $apor 102 ## $aPT 200 1# $a O português de alma grande$fAntónio Joäo Bispo 205 ## $a3ª ed 210 #9 $aLisboa$cDirecção Geral da Educação Permanente,$d1974 215 ## $a55, [1] p.$d17 cm 675 ## $a92$vmed$zpor$3288142 700 #1 $aBispo,$bAntónio João$314467 801 #0 $aPT$bBN$gRPC 966 ## $lBN$mFGMON$sH.G. 33276 P. 997 ## $aBIBEOD
Etiqueta de registo: 00563cam 022001931 04500 001 286958 003 http://id.bnportugal.gov.pt/bib/catbnp/286958 005 19990515123400.0 095 ## $aPTBN00298797 100 ## $a19581101d1958 m y0pora0103 ba 101 0# $apor 102 ## $aPT 200 1# $aJuventude vertebrada$fAntónio Joäo Bispo$gil. Moreira Rijo 210 #9 $aLisboa$cCentro de Apostolado do Coração de Maria,$d[D.L. 1958] 215 ## $a104, [2] p.$cil.$d18 cm 675 ## $a24$vmed$zpor$3288012 700 #1 $aBispo,$bAntónio João$314467 702 #1 $aRijo,$bMoreira$4440$3451989 801 #0 $aPT$bBN$gRPC 966 ## $lBN$mFGMON$sR. 32549 P. 997 ## $aBIBEOD
Etiqueta de registo: 00547cam 02200193 04500 001 168732 003 http://id.bnportugal.gov.pt/bib/catbnp/168732 100 ## $a19630601d1963 m y0pora01030103ba 101 0# $apor 102 ## $aPT 105 ## $aaf z 000yy 106 ## $ar 200 1# $aEra uma vez... a criança$fAntónio João Bispo 205 ## $a1ª ed 210 #9 $aLisboa$cServiço de Publicações da M.P.,$d[D.L. 1963] 215 ## $a115, [4] p., [4] f.$cil.$d19 cm 317 ## $aBiblioteca Matilde Rosa Araújo$5PTBN: S.C. 46207 P. 675 ## $a37.01(469)$vmed$zpor$3290230 700 #1 $aBispo,$bAntónio João$314467 801 #0 $aPT$bBN$gRPC 966 ## $lBN$mFGMON$sS.C. 21779 P. 966 ## $lBN$mFGMON$pBiblioteca Matilde Rosa Araújo$sS.C. 46208 P.$x3 997 ## $aBIBEOD
Etiqueta de registo: 00670cam 022002291 04500 001 131791 003 http://id.bnportugal.gov.pt/bib/catbnp/131791 005 19990515123400.0 095 ## $aPTBN00137436 100 ## $a19601101d1960 em y0pora0103 ba 101 1# $apor$cfre 102 ## $aPT 200 1# $aPrincípios de vida interior$fRobert de Langeac$gtrad. António Joäo Bispo 210 #9 $aLisboa$cAster,$d1960 215 ## $a202, [5] p.$d19 cm 225 2# $aSigno$v12 304 ## $aTít. orig.: Conseils aux âmes d'oraison 675 ## $a24$vmed$zpor$3288012 700 #1 $aLangeac,$bRobert de$3288564 702 #1 $aBispo,$bAntónio João$4730$314467 801 #0 $aPT$bBN$gRPC 966 ## $lBN$mFGMON$sR. 33158 P. 997 ## $aBIBEOD
Etiqueta de registo: 00647cam 22002051 450 001 909185 003 http://id.bnportugal.gov.pt/bib/catbnp/909185 005 19990603000000.0 095 ## $aPTBN01035790 100 ## $a19990116d1964 m y0pory0103 ba 101 0# $apor 102 ## $aPT 200 1# $a O português de alma grande$ehistoriazinha de Santo António de Lisboa$fAntónio João Bispo$gil. Marcelo de Morais 205 ## $a2ª ed 210 #9 $aLisboa$c[s.n.],$d1964$eLisboa :$gAg. Tip. Castelo) 215 ## $a55, [1] p.$cil.$d17 cm 675 ## $a92$vmed$zpor$3288142 700 #1 $aBispo,$bAntónio João$314467 702 #1 $aMorais,$bMarcelo de,$f1928-$4440$378044 801 #0 $aPT$bBN$gRPC 966 ## $lBN$mFGMON$sH.G. 31949 P. 997 ## $aBIBEOD
Etiqueta de registo: 00568c 02200193 04500 001 59530 003 http://id.bnportugal.gov.pt/bib/catbnp/59530 005 19981116191200.0 095 ## $aPTBN00061505 100 ## $a19970101d1955 m y0pora0103 ba 101 0# $apor 102 ## $aPT 200 1# $a O português da alma grande$ehistoriazinha de Santo António de Lisboa$fAntónio Joäo Bispo 210 #9 $aLisboa$cIgreja-Casa de Stº. António,$d1955 215 ## $a55 p.$d17 cm 675 ## $a92$vmed$zpor$3288142 700 #1 $aBispo,$bAntónio João$314467 801 #0 $aPT$bBN$gRPC 966 ## $lBN$mFGMON$sH.G. 29133//5 P. 997 ## $aBIBEOD 998 ## $aCR021 - 00058
Etiqueta de registo: 00795cam 022002651 04500 001 348677 003 http://id.bnportugal.gov.pt/bib/catbnp/348677 005 19990515123400.0 095 ## $aPTBN00369524 100 ## $a19920703d1962 m y0pory0103 ba 101 1# $apor$cfre 102 ## $aPT 200 1# $aBiologia e moral$fPaul Chauchard$gtrad. de António Joäo Bispo$gpref. de Lucien Jerphagnon 210 #9 $aLisboa$cUniäo Gráfica,$d1962 215 ## $a218 p.$d21 cm 225 2# $aGaláxia$v4 304 ## $aTít. orig.: Biologie et morale 675 ## $a2$vmed$zpor$3288537 700 #1 $aChauchard,$bPaul,$f1912-2003$332570 702 #1 $aBispo,$bAntónio João$4730$314467 702 #1 $aJerphagnon,$bLucien,$f1921-$4080$343488 801 #0 $aPT$bBN$gRPC 966 ## $lBN$mFGMON$sR. 12036 V. 997 ## $aBIBEOD 998 ## $aCR362-163
Etiqueta de registo: 00603cas 2200217 450 001 744869 003 http://id.bnportugal.gov.pt/bib/catbnp/744869 005 20020401181100.0 095 ## $aPTBN00532134 100 ## $a19990108b19471965m a0pory01030103ba 101 0# $apor 102 ## $aPT 106 ## $ar 110 ## $aadazz 0uu0 200 1# $aCamarada$e o melhor jornal para rapazes$fpropr. O.N.M.P.$gdir., ed. Baltazar Rebelo de Sousa, Júlio Gil 207 #0 $aNº 1 (1 dez. 1947) - nº 133 (6 jan. 1951) ;$aS. 2, a. 1, nº 1 (Natal 1957) - s. 2, a. 8, nº 11 (29 maio 1965) 210 #9 $aLisboa$cO.N.M.P.,$d1947-1965$eLisboa :$gTip. Casa Portuguesa) 215 ## $d27 cm 304 ## $aO.N.M.P. - Organização Nacional Mocidade Portuguesa 304 ## $aA partir de 1957 é dirigido por António João Bispo 305 ## $aNão se publicou de fevereiro de 1951 a novembro de 1957 317 ## $aColeção Leandro Morais Sarmento$5PTBN: L.M.S. 18 326 ## $aQuinzenal$b1957-1965 326 ## $aSemanal$b1949-1951 326 ## $aBimensal$b1947-1948 327 11 $aSeparatas, construções de armar e outros destacáveis de diversos temas 606 ## $aBanda desenhada$x[Periódicos]$2SIPOR$3887831 606 ## $aLiteratura juvenil$x[Periódicos]$2SIPOR$31883993 620 ## $dLisboa 675 ## $a087.5(05)$vBN$zpor$3288171 702 #1 $aSousa,$bBaltasar Rebelo de,$f1921-2002$4300$391632 702 #1 $aGil,$bJúlio,$f1924-2004$4300$330697 702 #1 $aBispo,$bAntónio João$4300$314467 712 01 $aPortugal.$bMocidade Portuguesa$4650$314898 801 #0 $aPT$bBN$gRPC 966 ## $lBN$mFGREV$pJoão Paulo Viana de Paiva Boléo$sL.M.S. 18 $x3 966 ## $lBN$mFGREV$sP.P. 3147 A.$x1
Etiqueta de registo: 00000nam 2200025 450 001 1822873 003 http://id.bnportugal.gov.pt/bib/catbnp/1822873 100 ## $a20121108d1968 m a0pory01030103ba 101 0# $aeng 102 ## $aPT 105 ## $aa z 000yy 106 ## $ar 200 1# $aSanto António de Lisboa$fAntónio João Bispo 210 #9 $aLisboa$cSecretariado Nacional da Informação,$d1968 215 ## $a61 p.$cil.$d17 cm 675 ## $a272-36António, Santo$vBN$zpor$3433676 700 #1 $aBispo,$bAntónio João$314467 801 #0 $aPT$bBN$gRPC 966 ## $lBN$mFGMON$sH.G. 32483 P.$x1 966 ## $lBN$mFGMON$sS.N.I. 1581$x6 966 ## $lBN$mFGMON$sS.N.I. 1582$x6 997 ## $aBIBEOD
|
|
|